Gala 9 OT2023 - Estadísticas

Estadísticas generales
  • Esta prueba ha sido intentada 24 veces
  • La puntuación promedio es 5 de 9
Estadísticas de respuestas
Imagen Hint Respuesta % Correcto
Naiara y Juanjo La Cigarra
91%
Ruslana Beggin
77%
Chiara Kill Bill
77%
Martin Footloose
59%
Álvaro Mayo I Want Love
41%
Bea River Deep Mountain High
41%
Lucas Nada Cambiará Mi Amor Por Ti
27%
Grupal Solo quiero bailar
27%
Paul Thin Milo J: Bzrp Music Sessions, Vol. 57
9%
No se encontraron pruebas coincidentes
Distribución de puntuación
Porcentaje de gente con cada puntuación
Porcentaje por número respondido
Historial de tus puntuaciones
No has intentado esta prueba.